000 00380nam a2200145 i 4500
001 bg
100 1 _aMADEJ, Eugeniusz
245 0 _aRegeneracja części spawaniem i napawaniem /
_cEugeniusz Madej, Jerzy Wrotkowski.
260 _aWarszawa,
_c1973.
700 1 _aWROTKOWSKI, Jerzy
040 _cBPK
041 _apol
942 _cKS
008 s pl f |000 0 pol
999 _c27358
_d27358
856 _uhttp://koha.tu.koszalin.pl/cgi-bin/koha/opac-detail.pl?biblionumber=27358
_yKatalog online BPK